| 000 | 00983nam a2200265 i 4500 | ||
|---|---|---|---|
| 001 | bgj | ||
| 100 | 1 | _aLUBELSKA, Diana | |
| 245 | 1 | 0 |
_aLooking language classroom : _btrainer's guide / _cDiana Lubelska and Margaret Matthews. |
| 260 |
_aCambridge : _bCambridge University Press, _c1997. |
||
| 300 |
_aVI, 154 pp ; _c30 cm + _e4 cass. video. |
||
| 490 | 1 | _aCambridge Teacher Training and Development / Marion Williams and Tony Wright, series ed. | |
| 504 | _aBiblography p. 154. | ||
| 505 | _aIncludes transcripts. | ||
| 650 | 9 |
_aEnglish language _xStudy and teaching |
|
| 650 | 9 |
_aLanguage teachers _xTraining of |
|
| 700 | 1 |
_aWILLIAMS, Marion. _eseries editor |
|
| 700 | 1 |
_aWRIGHT, Tony. _eseries editor |
|
| 830 | 0 | _aCambridge Teacher Training and Development (Marion Williams and Tony Wright, series ed.) | |
| 020 | _a0521485215 (box) | ||
| 040 | _cBPK | ||
| 041 | 0 | _aeng | |
| 920 | _a0-521-48521-5 (box) | ||
| 942 | _cKS | ||
| 008 | s uk f |000 0 eng | ||
| 999 |
_c48143 _d48143 |
||